000 00439nam a22001697a 4500
005 20180312152615.0
008 160525b xxu||||| |||| 00| 0 eng d
020 _a0-07-048322-1
041 _aeng
082 _b4884
_a332.6
100 _aChandra, Prasanna
_91156
245 _aInvestment Analysis and Porttolio Management
260 _aNew Delhi
_bAcademic Faundation
_c2003
300 _a579
650 _aManagement
_9241
942 _cBK
999 _c1702
_d1701